|
|
|
|
| LEADER |
00000cam a2200000 4500 |
| 001 |
vtls011750633 |
| 003 |
SK-MaSNL |
| 005 |
20260302054224.0 |
| 008 |
200104s2017 xo o gr 000 0 slo |
| 015 |
|
|
|a SNBA2018/05
|
| 020 |
|
|
|a 9788097284800
|q (viazané)
|
| 035 |
|
|
|a urn:nbn:sk:snk-am00d31w
|
| 035 |
|
|
|a urn:nbn:sk:snk-am3hjz3
|
| 035 |
|
|
|a 87D8C7C5-802F-4F5B-AB63-B25D703A9C11
|
| 040 |
|
|
|a SNK
|b slo
|c SNK
|e rda
|
| 041 |
0 |
|
|a slo
|
| 043 |
|
|
|a e-xo---
|
| 044 |
|
|
|a xo
|c SK
|
| 072 |
|
7 |
|a 74
|x Kresba. Umelecké remeslá
|2 konspekt
|
| 072 |
|
7 |
|a 666
|x Sklárstvo. Keramika. Cement
|2 konspekt
|
| 080 |
|
|
|a 748
|2 2011
|
| 080 |
|
|
|a 666.1/.2(091)
|2 2011
|
| 080 |
|
|
|a (082.2)
|2 2011
|
| 080 |
|
|
|a (084.12)
|2 2011
|
| 080 |
|
|
|a (437.6)
|2 2011
|
| 100 |
1 |
|
|a Matušinský, Milan
|4 aut
|9 570960
|
| 245 |
1 |
0 |
|a Quo vadis, Rona?
|c fotografie: Vlado Bača a archív Rona, a. s. ; texty: Milan Matušinský ; zostavil: Vlado Bača a Vladimír Letko
|
| 264 |
|
1 |
|a [Žilina]
|b Photoart Studio
|c 2017
|
| 300 |
|
|
|a 85 strán
|b farebné fotografie
|c 20 x 28 cm
|
| 336 |
|
|
|a text
|b txt
|2 rdacontent
|
| 336 |
|
|
|a statický obraz
|b sti
|2 rdamedia
|
| 337 |
|
|
|a bez média
|b n
|2 rdamedia
|
| 338 |
|
|
|a zväzok
|b nc
|2 rdacarrier
|
| 500 |
|
|
|a Miesto vydania podľa údajov NA ISBN
|
| 500 |
|
|
|a Vydané pre Rona, a. s. Lednické Rovne
|
| 648 |
|
7 |
|a 1892-2017
|2 SNKPH
|9 713183
|
| 650 |
0 |
7 |
|a umelecké sklárstvo
|2 SNKPH
|9 99545
|
| 650 |
0 |
7 |
|a dejiny sklárstva
|2 SNKPH
|9 94295
|
| 650 |
0 |
7 |
|a Art glass manufacture
|2 SNKPHeng
|9 330718
|
| 650 |
0 |
7 |
|a History of glass manufacture
|2 SNKPHeng
|9 417833
|
| 651 |
|
7 |
|a Lednické Rovne (Slovensko)
|2 SNKPHgeo
|9 36894
|
| 651 |
|
7 |
|a Lednické Rovne (Slovakia)
|2 SNKPHeng
|9 369279
|
| 655 |
|
7 |
|a jubilejné publikácie
|2 SNKPH
|9 70339
|
| 655 |
|
7 |
|a fotografické publikácie
|2 SNKPH
|9 70483
|
| 655 |
|
7 |
|a Jubilee books
|2 SNKPHeng
|9 281827
|
| 655 |
|
7 |
|a Photographic publication
|2 SNKPHeng
|9 266858
|
| 700 |
1 |
|
|a Bača, Vlado,
|d 1948-
|4 pht
|4 com
|9 42661
|
| 700 |
1 |
|
|a Letko, Vladimír,
|d 1937-
|4 com
|9 39762
|
| 710 |
2 |
|
|a Rona, a. s.
|4 pht
|9 713184
|
| 919 |
|
|
|a 978-80-972848-0-0
|
| 999 |
|
|
|c 1112499
|d 1114429
|
| 952 |
|
|
|a SNK
|b SNK
|y PREZ
|7 0
|p 17A1323821
|o snkSD 87175
|i snk2018/8417
|8 0
|0 0
|1 0
|4 0
|d 2018-04-12
|f 1
|l 0
|r 2026-02-24 18:05:47
|w 2026-02-24
|
| 952 |
|
|
|a SNK
|b SNK
|y VYP
|7 0
|p 17A1323822
|o snkSD 87175 D1
|i snk2018/8418
|8 0
|0 0
|1 0
|4 0
|d 2018-04-12
|l 0
|r 2026-02-24 18:05:47
|w 2026-02-24
|